| 000 | 02020cam a2200469 i 4500 | ||
|---|---|---|---|
| 001 | zz2004924405 | ||
| 003 | NUKAT | ||
| 005 | 20260428202720.0 | ||
| 008 | 040722s1932 pl l |001 0 pol c | ||
| 035 | _a(OCoLC)749437001 | ||
| 035 | _a(NUKAT)zz2004924405 | ||
| 040 |
_aTOR U/AP _bpol _erda _cTOR U/AP _dTOR U/AP _dWR O/AKs _dKR U/mal _dWA U/DK _dKR 048/RW |
||
| 041 | 0 |
_apol _alat |
|
| 099 | _ahh_390687 | ||
| 245 | 0 | 0 |
_aAkta sejmikowe województwa krakowskiego. _nT. 1, _p1572-1620 / _cwydał Stanisław Kutrzeba ; Polska Akademja Umiejętności. |
| 246 | 3 | 0 | _a1572-1620 |
| 260 |
_aKraków : _bnakładem Polskiej Akademji Umiejętności ; _aSkład Główny w Księgarniach Gebethnera i Wolfa, _c1932. |
||
| 300 |
_aXIX, [1], 505, [1] strona : _berrata ; _c30 cm. |
||
| 336 |
_aTekst _btxt _2rdacontent |
||
| 337 |
_aBez urządzenia pośredniczącego _bn _2rdamedia |
||
| 338 |
_aWolumin _bnc _2rdacarrier |
||
| 380 | _aKsiążki | ||
| 504 | _aIndeksy. | ||
| 510 | 4 |
_aBP 1901-1939, _ct. 1, poz. 1571 |
|
| 530 | _aDostępne również w formie elektronicznej. | ||
| 546 | _aTekst częściowo w jezyku francuskim. | ||
| 648 | 7 |
_a1501-1600 _2DBN _936032 |
|
| 648 | 7 |
_a1601-1700 _2DBN _936034 |
|
| 650 | 7 |
_aSejmiki (przedrozbiorowe) _2DBN _938394 |
|
| 650 | 4 |
_aSejmiki szlacheckie _y16 w. _vźródła. _2kaba _914947 |
|
| 650 | 7 |
_aSejmiki szlacheckie _y17 w. _vźródła. _2kaba _940836 |
|
| 651 | 7 |
_aKraków (woj. małopolskie ; okolice) _2DBN _940837 |
|
| 651 | 7 |
_aKraków (Polska ; region) _xpolityka i rządy _y16 w. _vźródła. _2kaba _940838 |
|
| 651 | 7 |
_aKraków (Polska ; region) _xpolityka i rządy _y17 w. _vźródła. _2kaba _940839 |
|
| 658 | _aHistoria | ||
| 658 | _aPolityka, politologia, administracja publiczna | ||
| 700 | 1 |
_aKutrzeba, Stanisław _d(1876-1946). _eWydawca _eRedakcja _91262 |
|
| 710 | 2 |
_aPolska Akademia Umiejętności (1919-1952). _eWydawca _4pbl _91634 |
|
| 710 | 2 |
_aGebethner i Wolff. _eDystrybucja _4dst _91246 |
|
| 856 | 4 | 1 | _uhttps://crispa.uw.edu.pl/object/files/100463 |
| 942 |
_2ddc _cBK_NM |
||
| 999 |
_c27853 _d27853 |
||